| 000 | 00632nam a22002297a 4500 | ||
|---|---|---|---|
| 001 | BD-DhSAU 2395 | ||
| 003 | BD-DhSAU | ||
| 005 | 20150128111912.0 | ||
| 008 | 150128b1985 enka|||| |||| 001 0 eng d | ||
| 020 | _a0856080403 | ||
| 040 | _aBD-DhSAU | ||
| 082 |
_222 _a636 _bEWP |
||
| 100 | _aEwer, T. K. | ||
| 245 |
_aPractical animal husbandry / _cT. K. Ewer |
||
| 250 | _aELBS edition. | ||
| 260 |
_aGreat Britain : _bELBS , _cc1985. |
||
| 300 |
_aviii, 257 p. : _bill. ; _c24 cm. |
||
| 504 | _aIncludes bibliographical references & index. | ||
| 590 | _aJerin | ||
| 650 | _aAnimal Husbandry | ||
| 650 | _aPractical animal husbandry | ||
| 942 |
_2ddc _cBOOK |
||
| 999 |
_c2395 _d2395 |
||